Effectif Arsenal 22/23 par image - Statistiques

Statistiques générales
  • Ce quiz a été pris 52 fois
  • Le résultat moyen est 18 sur 28
Statistiques - réponses
Par images Réponse % Correct
Bukayo Saka
100%
Gabriel
94%
Gabriel Jesus
94%
Martin Ødegaard
94%
William Saliba
91%
Thomas Partey
89%
Leandro Trossard
87%
Ben White
85%
Gabriel Martinelli
85%
Aaron Ramsdale
83%
Ethan Nwaneri
79%
Granit Xhaka
77%
Jorginho
77%
Emile Smith Rowe
70%
Oleksandr Zinchenko
70%
Fábio Vieira
57%
Eddie Nketiah
55%
Mohamed Elneny
55%
Takehiro Tomiyasu
55%
Kieran Tierney
51%
Reiss Nelson
47%
Cédric Soares
45%
Matt Turner
40%
Jakub Kiwior
38%
Rob Holding
36%
Marquinhos
32%
Karl Hein
26%
Albert Sambi Lokonga
19%
Aucun quiz correspondant
Distribution des résultats
% des personnes avec chaque résultat
Percentile par nombre de réponses
Votre historique - résultats
Vous n’avez pas pris ce quiz